000 00771cam a22002891 4500
001 6485713
003 OSt
005 20140310184436.0
008 741002s1949 enk 000 0 eng
010 _a 49027515
020 _a0590223569
035 _a(OCoLC)1028338
040 _aDLC
_cTxU-Da
_dOCoLC
_dDLC
042 _apremarc
050 0 0 _aCT 275.G855
_b.G8 1949
100 1 _aGunther, John,
_d1901-1970.
_927240
245 1 0 _aDeath be not proud /
_cJohn Gunther.
260 _aNew York :
_bScholastic,
_c1949.
300 _a212 p. :
_c19 cm.
521 _aG8
526 _c1060
600 1 0 _aGunther, John,
_d1929-1947.
_927241
906 _a7
_bcbc
_coclcrpl
_du
_encip
_f19
_gy-gencatlg
942 _2lcc
_cBK-SCHOLAS
999 _c34398
_d34398